Micho 1. Primero de párvulos (Bloque 1).
Salvato in:
| Autore principale: | |
|---|---|
| Altri autori: | |
| Natura: | Sconosciuto |
| Lingua: | spagnolo |
| Pubblicazione: |
Madrid
Bruño
1982
|
| Catalogo: | MANES: Risultati della ricerca del catalogo della biblioteca |
| Libro di testo Classificazione: |
|
| Tags: |
Aggiungi Tag
Nessun Tag, puoi essere il primo ad aggiungerne!!
|
| Aggiunto a: | 2016-04-26 |
| Cambiato in: | 2025-05-07 |
MARC
| LEADER | 000000000a22000000004500 | ||
|---|---|---|---|
| 001 | 12447 | ||
| 003 | OSt | ||
| 005 | 20250507133346.0 | ||
| 008 | 160427s sp ||||| |||| 00| 0 spa d | ||
| 040 | |c centro_manes | ||
| 041 | 1 | |a spa | |
| 561 | |5 es-CICE |a España. Centro Internacional de la Cultura Escolar |k MANES | ||
| 691 | 0 | |a IN | |
| 100 | 1 | |a García García, Felisa. Autora |9 2826 | |
| 700 | 1 | |a Martínez Belinchón, Pilar. Autora |9 2827 |a Sahuquillo Sahuquillo, Mª Isabel. Autora |9 1688 | |
| 245 | 0 | 0 | |a Micho 1. Primero de párvulos (Bloque 1). |
| 260 | 3 | |a Madrid |b Bruño |c 1982 | |
| 300 | |a 94 fichas |c 18 x 27 cm | ||
| 500 | |a <Formato>: apaisado. | ||
| 942 | |2 ddc |c BK | ||
| 546 | |a España | ||
| 999 | |c 18421 |d 18421 | ||
| 999 | |c manes:18421 |d 18421 | ||